| 000 | 05894namaa22004451i 4500 | ||
|---|---|---|---|
| 003 | EG-GICUC | ||
| 005 | 20260121101938.0 | ||
| 008 | 260113s2025 ua a|||frm||| 000 0 eng d | ||
| 040 |
_aEG-GICUC _beng _cEG-GICUC _dEG-GICUC _erda |
||
| 041 | 0 |
_aeng _beng _bara |
|
| 049 | _aDeposit | ||
| 082 | 0 | 4 | _a615.82 |
| 092 |
_a615.82 _221 |
||
| 097 | _aM.Sc | ||
| 099 | _aCai01.21.10.M.Sc.2025.Es.C | ||
| 100 | 0 |
_aEsraa Samir Abd El Mageed, _epreparation. |
|
| 245 | 1 | 0 |
_aCombined effect of modified pilates and moderate intensity aerobic exercises on gait speed test in hypertensive older adults / _cby Esraa Samir Abd El Mageed ; Supervisor Prof. Dr. Nessren Ghareeb El-Nahaas, Dr. Donia Mohamed El-Masry, Dr. Eman Hassan Ahmed. |
| 246 | 1 | 5 | _aالتأثير المشترك لتمارين البيلاتس المعدلة والتمارين الهوائية متوسطة الشدة على اختبار سرعة المشي لدى كبار السن المصابين بارتفاع ضغط الدم |
| 264 | 0 | _c2025. | |
| 300 |
_a110 pages : _billustrations ; _c25 cm. + _eCD. |
||
| 336 |
_atext _2rda content |
||
| 337 |
_aUnmediated _2rdamedia |
||
| 338 |
_avolume _2rdacarrier |
||
| 502 | _aThesis (M.Sc)-Cairo University, 2025. | ||
| 504 | _aBibliography: pages 78-88. | ||
| 520 | 3 | _aBackground: Hypertension is a highly prevalent vascular condition in older adults and an independent risk factor for the problems of walking and major risk factor for cardiovascular morbidity and mortality, which is a global public health concern so, studies suggest that pilates exercise capable of promoting improvement in gait, quality of life and general function capacity. Purpose: to determine the effect of combined modified Pilates and moderate intensity aerobic exercises on gait speed test in hypertensive older adults. Methods: sixty patients of both sexes from from Kasr Al- Ainy Internal Medicine hospital and Kasr Al-Ainy outpatient clinic were enrolled. Patients ranged from 65 to 75 years in age. Patients had been assigned into two groups. Group A: thirty patients received modified Pilates and moderate intensity aerobic exercises three times per week for 12 weeks and Group B: thirty patients received moderate intensity aerobic exercises three times per week for 12 weeks. Results: outcomes demonstrated that no statistically significant differences for all variables in both groups before management, however significant statistical differences between both groups were found after management regarding 10 -m gait test, sit to stand and Quality of life via SF-36 Questionnaire in group A more than group B. while there were no statistical differences were found in SBP, DBP and Frailty index between both groups. Conclusion: combining both modified Pilates and moderate intensity aerobic exercises resulted in considerable improvements in elderly hypertensive patients gait speed, quality of life, and functional status. Blood pressure and frailty index decreased in both group without differences. | |
| 520 | 3 | _aيُعد ارتفاع ضغط الدم من المشكلات الصحية الشائعة لدى كبار السن، ويرتبط بزيادة خطر الإصابة باضطرابات المشي والأمراض القلبية الوعائية، مما يجعله تحديًا صحيًا عالميًا. تهدف هذه الدراسة إلى تقييم تأثير دمج تمارين البيلاتس المعدلة مع التمارين الهوائية متوسطة الشدة على سرعة المشي لدى كبار السن المصابين بارتفاع ضغط الدم. شملت الدراسة 60 مريضًا من الجنسين، تتراوح أعمارهم بين 65 و75 عامًا، وتم تقسيمهم إلى مجموعتين متساويتين: المجموعة الأولى (أ) خضعت لبرنامج تمرينات بيلاتس معدلة وتمارين هوائية متوسطة الشدة ثلاث مرات أسبوعيًا لمدة 12 أسبوعًا، والمجموعة الثانية (ب) خضعت لتمارين هوائية فقط بنفس التكرار والمدة. أظهرت النتائج وجود تحسن معنوي في جميع القياسات داخل كل مجموعة بعد التدخل، كما تفوقت المجموعة (أ) بشكل ملحوظ على المجموعة (ب) في اختبارات سرعة المشي، النهوض من الجلوس، ونوعية الحياة. بينما لم تظهر فروق معنوية بين المجموعتين في ضغط الدم ومؤشر الضعف الجسدي. الاستنتاج:يُسهم دمج تمارين البيلاتس المعدلة مع التمارين الهوائية في تحسين سرعة المشي، والقدرة الوظيفية، ونوعية الحياة لدى كبار السن المصابين بارتفاع ضغط الدم، دون تأثير تفاضلي واضح على ضغط الدم أو مستوى الضعف الجسدي بين المجموعتين. | |
| 530 | _aIssues also as CD. | ||
| 546 | _aText in English and abstract in Arabic & English. | ||
| 650 | 0 | _aPhysical Therapy | |
| 650 | 0 | _aالعلاج الطبيعي | |
| 653 | 1 |
_aHypertension _agait speed _amodified Pilates _amoderate intensity aerobic exercise _aارتفاع ضغط الدم _aسرعة المشي |
|
| 700 | 0 |
_aNessren Ghareeb El-Nahaas _ethesis advisor. |
|
| 700 | 0 |
_aDonia Mohamed El-Masry _ethesis advisor. |
|
| 700 | 0 |
_aEman Hassan Ahmed _ethesis advisor. |
|
| 900 |
_b01-01-2025 _cNessren Ghareeb El-Nahaas _cDonia Mohamed El-Masry _cEman Hassan Ahmed _UCairo University _FFaculty of Physical Therapy _DDepartment of Physical Therapy for Cardiovascular/ Respiratory Disorders and Geriatrics |
||
| 905 |
_aShimaa _eEman Ghareb |
||
| 942 |
_2ddc _cTH _e21 _n0 |
||
| 999 | _c177661 | ||